Labor and the Savannah River AEC project. (Record no. 36787)

MARC details
000 -LEADER
fixed length control field 01110cam a22002891a 4500
001 - CONTROL NUMBER
control field l 52000182
003 - CONTROL NUMBER IDENTIFIER
control field DLC
005 - DATE AND TIME OF LATEST TRANSACTION
control field 20260227111543.0
008 - FIXED-LENGTH DATA ELEMENTS--GENERAL INFORMATION
fixed length control field 880218r1952uuuudcub f000 0 eng c
010 ## - LIBRARY OF CONGRESS CONTROL NUMBER
LC control number l 52000182
035 ## - SYSTEM CONTROL NUMBER
System control number (OCoLC)17499349
040 ## - CATALOGING SOURCE
Original cataloging agency U.S. Dept. of Labor. Library
Transcribing agency InLP
Modifying agency InLP
-- DLC
043 ## - GEOGRAPHIC AREA CODE
Geographic area code n-us-sc
050 00 - LIBRARY OF CONGRESS CALL NUMBER
Classification number HD8051
Item number .A62 no. 1100
082 ## - DEWEY DECIMAL CLASSIFICATION NUMBER
Classification number 331.8
100 1# - MAIN ENTRY--PERSONAL NAME
Personal name Smith, M. Mead.
245 10 - TITLE STATEMENT
Title Labor and the Savannah River AEC project.
260 ## - PUBLICATION, DISTRIBUTION, ETC.
Place of publication, distribution, etc. Washington, D.C. :
Name of publisher, distributor, etc. For sale by the Supt. of Docs., U.S. G.P.O.,
Date of publication, distribution, etc. 1952.
300 ## - PHYSICAL DESCRIPTION
Extent iv, 41 p. :
Other physical details map ;
Dimensions 26 cm.
490 1# - SERIES STATEMENT
Series statement Bulletin / United States Department of Labor ;
Volume/sequential designation no. 1100
500 ## - GENERAL NOTE
General note "The study was made by M. Mead Smith"--P. iii.
500 ## - GENERAL NOTE
General note "Appeared first as a series of four articles in the June, July, August, and September 1952 issues of the Monthly labor review"--P. iii.
650 #0 - SUBJECT ADDED ENTRY--TOPICAL TERM
Topical term or geographic name entry element Labor unions
Geographic subdivision South Carolina.
650 #0 - SUBJECT ADDED ENTRY--TOPICAL TERM
Topical term or geographic name entry element Housing
Geographic subdivision South Carolina.
651 #0 - SUBJECT ADDED ENTRY--GEOGRAPHIC NAME
Geographic name South Carolina
General subdivision Social conditions.
830 #0 - SERIES ADDED ENTRY--UNIFORM TITLE
Uniform title Bulletin (United States. Bureau of Labor Statistics) ;
Volume/sequential designation 1100.

No items available.

Powered by Koha